Movies Quiz

Random Movies or Actor Quiz
Score 0/22 Timer 06:00
0 Plays Today
% Correct
The Godfather
97.1%
Titanic
92.5%
The Great Gatsby
87.2%
21 Jump Street
83.2%
Step Brothers
79.1%
Batman Begins
70.1%
Gone With The Wind
68.1%
Get Smart
61.5%
The King's Speech
61.3%
Mission: Impossible - Ghost Protocol
49.8%
Indiana Jones and the Temple of Doom
48.7%
% Correct
Dr. No
47.4%
The Tourist
45.4%
The Sting
42.8%
Victor Victoria
41.5%
Wall Street: Money Never Sleeps
37.5%
Atonement
35.6%
The Tuxedo
27.7%
The English Patient
25.8%
Last Vegas
20.5%
I Love You Phillip Morris
13%
Notorious
9.1%

You're not logged in!

Compare scores with friends on all Sporcle quizzes.
OR
Log In

Sporcle TV

Today on Sporcle TV


Watch our educational content, quiz creation guides, and fun videos on Sporcle TV.

Show Comments

Extras

Top Quizzes Today


Score Distribution

Your Account Isn't Verified!

In order to create a playlist on Sporcle, you need to verify the email address you used during registration. Go to your Sporcle Settings to finish the process.

Report this User

Report this user for behavior that violates our Community Guidelines.

Details: